000 00597cam a2200241 4500
001 J95192
008 090401t1998 xxu||||| |||| 00| 0 eng d
035 _a(Sirsi) u89833
041 _aeng
050 _a333.335
110 _aMinistry of Agriculture Fisheries and Food
245 _aAgricultural land prices in England 1996/97.
260 _aLondon
_bMAFF
_c1998
300 _a21p. ; 30cm.
350 _a35
490 _aSTATS
_v138/98
650 _aFARM LAND
650 _aFARMLAND PRICES
650 _aLAND PRICES
690 _aRURAL PRACTICE
942 _n0
948 _c20/11/1998
999 _c97509
_d97509